Central Library OPAC University of Rajshahi

The law and practice of industrial disputes in Pakistan / (Record no. 75881)

MARC details
000 -LEADER
fixed length control field 00982nam a2200253 a 4500
001 - CONTROL NUMBER
control field 75881
003 - CONTROL NUMBER IDENTIFIER
rucl marc code BD-RjUL
005 - DATE AND TIME OF LATEST TRANSACTION
control field 20211209082746.0
008 - FIXED-LENGTH DATA ELEMENTS--GENERAL INFORMATION
fixed length control field 190826s1963 pk a 000 0 eng d
020 ## - INTERNATIONAL STANDARD BOOK NUMBER
Terms of availability : PRs.10.00 (V-2)
035 ## - SYSTEM CONTROL NUMBER
System control number (BD-RjUL)76100
040 ## - CATALOGING SOURCE
Original cataloging agency DLC
Transcribing agency VAL
Modifying agency VAL
-- BD-RjUL
Language of cataloging eng
041 ## - LANGUAGE CODE
Language code of text/sound track or separate title eng
082 00 - DEWEY DECIMAL CLASSIFICATION NUMBER
Classification number 331.89143
Author mark and year HUL 1963
Edition number 23
100 1# - MAIN ENTRY--PERSONAL NAME
Personal name Hussain, Ch. Altaf
9 (RLIN) 9621
245 14 - TITLE STATEMENT
Title The law and practice of industrial disputes in Pakistan /
Statement of responsibility, etc. By Ch. Altaf Hussain.
260 ## - PUBLICATION, DISTRIBUTION, ETC. (IMPRINT)
Place of publication, distribution, etc. Lahore :
Name of publisher, distributor, etc. Pakistan Law Times Publications,
Date of publication, distribution, etc. 1963
300 ## - PHYSICAL DESCRIPTION
Pagination v. :
Illustrations ill. ;
Size 23 cm.
500 ## - GENERAL NOTE
General note Includes index.
505 0# - FORMATTED CONTENTS NOTE
Formatted contents note Vol. 2, Trade Unions Act,1926 (as amended up-to-date, with text of Amending Ordinances, 1960 and 1961, Regulations framed by various appropriate Governments and history of Trade Union Movement and Trade Union Law) --
650 #0 - SUBJECT ADDED ENTRY--TOPICAL TERM
Topical term or geographic name as entry element Arbitration, Industrial
Geographic subdivision Pakistan.
9 (RLIN) 60467
Topical term or geographic name as entry element Labor courts
Geographic subdivision Pakistan.
9 (RLIN) 60468
942 ## - ADDED ENTRY ELEMENTS (KOHA)
Source of classification or shelving scheme Dewey Decimal Classification
Koha item type Books
Holdings
Lost status Source of classification or shelving scheme Damaged status Not for loan Collection code Permanent Location Current Location Shelving location Date acquired Source of acquisition Cost, normal purchase price Total Checkouts Full call number Date last seen Copy number Koha item type
  Dewey Decimal Classification   Not For Loan Non-fiction Central Library, University of Rajshahi Central Library, University of Rajshahi Reading Room 24/02/1968 Warsi Book Corporation, Dacca 10.00   331.89143 HUL V-2 1963 26/08/2019 C-1 Books